2024 NFL Standings - Statistics

General Stats
  • This quiz has been taken 117 times
  • The average score is 24 of 32
Answer Stats
Rank (seed) Record NFL Team % Correct
AFC West Champ (1) 15-2 Kansas City Chiefs
99%
AFC North Champ (3) 12-5 Baltimore Ravens
95%
AFC East Champ (2) 13-4 Buffalo Bills
93%
NFC North Champ (1) 15-2 Detroit Lions
93%
AFC South Champ (4) 10-7 Houston Texans
92%
NFC East Champ (2) 14-3 Philadelphia Eagles
89%
AFC Wild Card (5) 11-6 Los Angeles Chargers
87%
NFC West Champ (4) 10-7 Los Angeles Rams
85%
AFC Wild Card (7) 10-7 Denver Broncos
84%
AFC Wild Card (6) 10-7 Pittsburgh Steelers
84%
NFC South Champ (3) 10-7 Tampa Bay Buccaneers
84%
NFC Wild Card (7) 11-6 Green Bay Packers
83%
NFC Wild Card (5) 14-3 Minnesota Vikings
83%
AFC (8) Missed Playoffs 9-8 Cincinnati Bengals
81%
AFC (10) Missed Playoffs 8-9 Miami Dolphins
80%
AFC (9) Missed Playoffs 8-9 Indianapolis Colts
77%
AFC (16) Missed Playoffs 3-14 Tennessee Titans
77%
AFC (11) Missed Playoffs 5-12 New York Jets
76%
NFC Wild Card (6) 12-5 Washington Commanders
76%
AFC (15) Missed Playoffs 3-14 Cleveland Browns
73%
AFC (12) Missed Playoffs 4-13 Jacksonville Jaguars
72%
AFC (14) Missed Playoffs 4-13 Las Vegas Raiders
69%
AFC (13) Missed Playoffs 4-13 New England Patriots
68%
NFC (16) Missed Playoffs 3-14 New York Giants
65%
NFC (8) Missed Playoffs 10-7 Seattle Seahawks
63%
NFC (13) Missed Playoffs 5-12 Chicago Bears
60%
NFC (14) Missed Playoffs 5-12 Carolina Panthers
59%
NFC (9) Missed Playoffs 8-9 Atlanta Falcons
57%
NFC (12) Missed Playoffs 6-11 San Francisco 49ers
57%
NFC (10) Missed Playoffs 8-9 Arizona Cardinals
55%
NFC (11) Missed Playoffs 7-10 Dallas Cowboys
55%
NFC (15) Missed Playoffs 5-12 New Orleans Saints
53%
No matching quizzes found
Score Distribution
Percent of People with Each Score
Percentile by Number Answered
Your Score History
You have not taken this quiz